How to slay a dragon-builsinga new Russia after putin (Record no. 1679928)
[ view plain ]
| 000 -LEADER | |
|---|---|
| fixed length control field | 00727 a2200229 4500 |
| 005 - DATE AND TIME OF LATEST TRANSACTION | |
| control field | 20260413145904.0 |
| 008 - FIXED-LENGTH DATA ELEMENTS--GENERAL INFORMATION | |
| fixed length control field | 260413b |||||||| |||| 00| 0 eng d |
| 020 ## - INTERNATIONAL STANDARD BOOK NUMBER | |
| International Standard Book Number | 9781509561056(hbk) |
| 037 ## - SOURCE OF ACQUISITION | |
| Terms of availability | TB |
| 040 ## - CATALOGING SOURCE | |
| Original cataloging agency | CRL |
| Transcribing agency | CRL |
| 041 ## - LANGUAGE CODE | |
| Source of code | eng |
| Language code of text/sound track or separate title | eng |
| 084 ## - COLON CLASSIFICATION NUMBER | |
| Classification number | V58.P1 R3 |
| Assigning agency | CRL |
| 100 ## - MAIN ENTRY--PERSONAL NAME | |
| Personal name | Khodorkovsky, Mikhail |
| 9 (RLIN) | 1234751 |
| 245 ## - TITLE STATEMENT | |
| Title | How to slay a dragon-builsinga new Russia after putin |
| 260 ## - PUBLICATION, DISTRIBUTION, ETC. | |
| Place of publication, distribution, etc. | NJ, USA: |
| Name of publisher, distributor, etc. | Polity press, |
| Date of publication, distribution, etc. | 2023. |
| 300 ## - PHYSICAL DESCRIPTION | |
| Extent | 225p. |
| 365 ## - TRADE PRICE | |
| Price amount | 2269.25 |
| Currency code | INR |
| 650 ## - SUBJECT ADDED ENTRY--TOPICAL TERM | |
| Topical term or geographic name entry element | Russia- History |
| 9 (RLIN) | 1234752 |
| 700 ## - ADDED ENTRY--PERSONAL NAME | |
| Personal name | Dalziel, Stephen |
| Relator term | Tr. |
| 9 (RLIN) | 1234753 |
| 942 ## - ADDED ENTRY ELEMENTS (KOHA) | |
| Koha item type | Textual |
| Source of classification or shelving scheme | Colon Classification (CC) |
| Classification part | V58.P1 R3 |
| Withdrawn status | Lost status | Source of classification or shelving scheme | Damaged status | Not for loan | Home library | Current library | Date acquired | Source of acquisition | Cost, normal purchase price | Inventory number | Total Checkouts | Full call number | Barcode | Date last seen | Cost, replacement price | Price effective from | Koha item type |
|---|---|---|---|---|---|---|---|---|---|---|---|---|---|---|---|---|---|
| Colon Classification (CC) | Central Library | Central Library | 2026-02-19 | Efficient Book Distributors | 1815.40 | 9528 & 2026-02-19 | V58.P1 R3 | CL1926564 | 2026-02-19 | 2269.25 | 2026-02-19 | Textbook |
